000 00633cam a2200241 4500
001 J3176
008 090401t1995 xxu||||| |||| 00| 0 eng d
035 _a(Sirsi) u53556
041 _aeng
050 _a333.337
110 _aWeatherall Green and Smith
_92055
245 _aSouth East offices report. - Volume 1 No. 2 (July 1995)
260 _aLondon
_bWeatherall Green and Smith
_c1995
300 _a1pt. ; 30cm.
350 _a0
650 _aFLOORSPACE STATISTICS
650 _aM4 CORRIDOR
650 _aOFFICES
650 _aSOUTH EAST
690 _aPROPERTY-COMMERCIAL PROPERTY
942 _n0
948 _c04/03/1997
999 _c93294
_d93294